Draw the Outline of Mexico on a Map - Statistics

General Stats
  • This quiz has been taken 93 times
  • The average score is 17 of 24
Answers on the Map
Answers color-coded by a green-red scale on the quiz's map according to % correct below.
 
Answer Stats
Answer % Correct
Baja California
98%
Sonora
85%
Chihuahua
84%
Coahuila
79%
Tabasco
75%
Tamaulipas
75%
Veracruz
75%
Yucatán
75%
Campeche
74%
Nuevo León
74%
Quintana Roo
72%
Chiapas
70%
Campeche
69%
Tabasco
69%
Oaxaca
66%
Guerrero
64%
Jalisco
62%
Michoacán
62%
Nayarit
62%
Baja California
61%
Baja California Sur
61%
Sinaloa
61%
Colima
59%
Sonora
59%
No matching quizzes found
Score Distribution
Percent of People with Each Score
Percentile by Number Answered
Your Score History
You have not taken this quiz